000 00454nam a2200193Ia 4500
005 20240823053351.0
008 240823s9999||||xx |||||||||||||| ||und||
020 _a978-0-415-32153-2
041 _aENGLISH
082 _A801.95 P9
100 _aTerence Hawkes
245 0 _aStructuralism and Semiotics
250 _a2nd
260 _c2009
_bRoutledge Taylor & Fr
500 _aYES
650 _aGeneral
_bGeneral
942 _cBK
999 _c224001
_d224001